| Tag |
First Indicator |
Second Indicator |
Subfields |
| LEADER |
00000cam a22000001a 4500 |
| 001 |
in00003218621 |
| 005 |
20190404184205.0 |
| 006 |
m d f |
| 007 |
cr bn mmmapmmp |
| 008 |
091020s1987 dcu o f000 0 eng d |
| 035 |
|
|
|a cis2007453786
|
| 040 |
|
|
|a UMI
|c UMI
|d UtOrBLW
|
| 043 |
|
|
|a n-us---
|
| 074 |
|
|
|a 1027-A, 1027-B (microfiche)
|
| 086 |
0 |
|
|a Y 4.V 64/3:100-30
|
| 088 |
|
|
|a Serial no. 100-30 (United States. Congress. House. Committee on Veterans' Affairs)
|
| 099 |
|
|
|a HRG-1987-VAH-0020
|
| 110 |
1 |
|
|a United States.
|b Congress.
|b House.
|b Committee on Veterans' Affairs.
|b Subcommittee on Hospitals and Health Care.
|
| 245 |
1 |
0 |
|a Health care delivered by the Veterans' Administration :
|b hearing before the Subcommittee on Hospitals and Health Care of the Committee on Veterans' Affairs, House of Representatives, One hundredth Congress, first session, September 23, 1987.
|
| 264 |
|
1 |
|a Washington :
|b U.S. G.P.O.,
|c 1987.
|
| 300 |
|
|
|a 1 online resource.
|
| 336 |
|
|
|a text
|b txt
|2 rdacontent
|
| 337 |
|
|
|a computer
|b c
|2 rdamedia
|
| 338 |
|
|
|a online resource
|b cr
|2 rdacarrier
|
| 500 |
|
|
|a Record is based on bibliographic data in ProQuest Congressional Hearings Digital Collection. Reuse except for individual research requires license from ProQuest, LLC.
|
| 538 |
|
|
|a System requirements: PDF reader software.
|
| 500 |
|
|
|a Electronic resource.
|
| 610 |
1 |
0 |
|a United States.
|b Veterans Administration.
|
| 650 |
|
0 |
|a Veterans
|x Medical care
|z United States.
|
| 650 |
|
0 |
|a Veterans' hospitals
|z United States.
|
| 655 |
|
7 |
|a Electronic books.
|2 local
|
| 710 |
2 |
|
|a ProQuest (Firm)
|
| 776 |
0 |
8 |
|i Print version:
|a United States. Congress. House. Committee on Veterans' Affairs. Subcommittee on Hospitals and Health Care.
|t Health care delivered by the Veterans' Administration
|w (OCoLC)17330598
|w gp 88007630
|
| 776 |
0 |
8 |
|i Microfiche version:
|a United States. Congress. House. Committee on Veterans' Affairs. Subcommittee on Hospitals and Health Care.
|t Health care delivered by the Veterans' Administration.
|d [Bethesda, Md.] : ProQuest,[2004]
|o CIS 88 H761-12
|w (ProQuest)cis08801450
|
| 830 |
|
0 |
|a U.S. Congressional Hearings.
|
| 856 |
4 |
0 |
|u http://proxy.library.tamu.edu/login?url=http://congressional.proquest.com/congcomp/getdoc?HEARING-ID=HRG-1987-VAH-0020
|z Connect to the full text of this electronic book
|t 0
|
| 998 |
|
|
|a cis08801450
|
| 999 |
|
|
|a MARS
|
| 999 |
f |
f |
|s 4ca16ca3-76b9-36ba-b26f-ea4314adeac9
|i d323fa99-3f79-3f48-8c39-bb2e0b57b620
|t 0
|
| 952 |
f |
f |
|a Texas A&M University
|b College Station
|c Electronic Resources
|d Available Online
|t 0
|e HRG-1987-VAH-0020
|h Other scheme
|
| 998 |
f |
f |
|a HRG-1987-VAH-0020
|t 0
|l Available Online
|